000 00393nam a2200145Ia 4500
008 240624s9999 xx 000 0 und d
041 _aeng
082 _a658.403801 HAG
100 _aHAAG STEPHEN
245 _aMANAGEMENT INFORMATION SYSTEMS FOR THE I
250 _a(6th ed.)
260 _c2008
_aNew Delhi
_bMcGraw-Hill Education
300 _axxii, : 559 : p. : cm. ; 26
365 _cRS
_b33
999 _c24709
_d24709